书目信息 |
| 题名: |
阿富汗后冲突时期的稳定与重建
|
|
| 作者: | ;四川大学 主编 | |
| 分册: | ||
| 出版信息: | 北京 时事出版社 2015 |
|
| 页数: | 232页 | |
| 开本: | 23cm | |
| 丛书名: | 南亚国别热点研究丛书 | |
| 单 册: | ||
| 中图分类: | D815.4 | |
| 科图分类: | ||
| 主题词: | 阿富汗问题--a fu han wen ti--研究 | |
| 电子资源: | ||
| ISBN: | 978-7-80232-887-7 | |
| 000 | 01334nam0 22002651 450 | |
| 001 | 0120082124 | |
| 005 | 20170320082124.0 | |
| 010 | @a978-7-80232-887-7@dCNY58.00 | |
| 100 | @a20151228d2015 em y0chiy50 ea | |
| 101 | 0 | @achi |
| 102 | @aCN@b110000 | |
| 105 | @ay z 000yy | |
| 106 | @ar | |
| 200 | 1 | @a阿富汗后冲突时期的稳定与重建@9a fu han hou chong tu shi qi de wen ding yu chong jian@dAfghanistan in post-conflict era: stability and reconstruction@f四川大学南亚研究所课题组[主编]@zeng |
| 210 | @a北京@c时事出版社@d2015 | |
| 215 | @a232页@d23cm | |
| 225 | 2 | @a南亚国别热点研究丛书@9nan ya guo bie re dian yan jiu cong shu |
| 330 | @a本书以美国及北约撤军阿富汗为背景,考察阿富汗局势的近期发展和主要特征,分析影响阿富汗稳定与重建的主要内外部因素,并探讨阿富汗问题的发展趋势以及包括中国在内的周边国家可能发挥的建设性作用。该书具体包括阿富汗局势演变、经济重建、安全态势、国内政局走向及中国对阿富汗局势的影响等章节,对研究阿富汗局势及其对地区安全影响的研究人员及各界读者有较大的参考价值。 | |
| 461 | 0 | @12001 @a南亚国别热点研究丛书 |
| 510 | 1 | @aAfghanistan in post-conflict era: stability and reconstruction@zeng |
| 606 | 0 | @a阿富汗问题@9a fu han wen ti@x研究 |
| 690 | @aD815.4@v5 | |
| 711 | 02 | @a四川大学@9si chuan da xue@b南亚研究所@b课题组@4主编 |
| 801 | 0 | @aCN@bTANGWEI@c20170308 |
| 905 | @b0956232-5@dD815.4@e1@f4 | |
| 阿富汗后冲突时期的稳定与重建=Afghanistan in post-conflict era: stability and reconstruction/四川大学南亚研究所课题组[主编].-北京:时事出版社,2015 |
| 232页;23cm.-(南亚国别热点研究丛书) |
| ISBN 978-7-80232-887-7:CNY58.00 |
| 本书以美国及北约撤军阿富汗为背景,考察阿富汗局势的近期发展和主要特征,分析影响阿富汗稳定与重建的主要内外部因素,并探讨阿富汗问题的发展趋势以及包括中国在内的周边国家可能发挥的建设性作用。该书具体包括阿富汗局势演变、经济重建、安全态势、国内政局走向及中国对阿富汗局势的影响等章节,对研究阿富汗局势及其对地区安全影响的研究人员及各界读者有较大的参考价值。 |
| ● |
| 相关链接 |
|
|
|
|
正题名:阿富汗后冲突时期的稳定与重建
索取号:D815.4/1
 
预约/预借
| 序号 | 登录号 | 条形码 | 馆藏地/架位号 | 状态 | 备注 |
| 1 | 0956232 | 209562329 | 第一样本阅览室/ [索取号:D815.4/1] | 在馆 | |
| 2 | 0956233 | 209562338 | 第一借阅区/ [索取号:D815.4/1] | 在馆 | |
| 3 | 0956234 | 209562347 | 第一借阅区/ [索取号:D815.4/1] | 在馆 | |
| 4 | 0956235 | 209562356 | 第一借阅区/ [索取号:D815.4/1] | 在馆 |